青海省小测验-Qinghai Province Quiz - Statistics

General Stats
  • This quiz has been taken 25 times
  • The average score is 15 of 20
Answer Stats
提示 答案 % Correct
这个民族是青海省少数民族中人数最多的 藏族
100%
省会城市 西宁市
95%
相邻的省级行政区 甘肃省
95%
相邻的省级行政区 新疆维吾尔自治区
95%
相邻的省级行政区 西藏自治区
95%
相邻的省级行政区 四川省
95%
“三江源”位于青海南部,它是这三条大河的源头 长江
95%
“三江源”位于青海南部,它是这三条大河的源头 黄河
95%
“三江源”位于青海南部,它是这三条大河的源头 澜沧江
91%
这个盐湖被誉为“中国的天空之镜” {茶卡}盐湖
86%
这个盆地是中国四大盆地之中地势最高的盆地 {柴达木}盆地
82%
这个县级市是中国面积最大的县级市 格尔木市
82%
这座山脉是青海与西藏的界山 {唐古拉}山脉
68%
青海省独有的民族 土族
68%
青海省独有的民族 撒拉族
64%
这个自治州是中国第二个成立的少数民族自治州,它的全称是 {玉树藏族}自治州
64%
区别于兰州牛肉面,风靡全国的牛肉拉面来自青海的这个县 化隆回族自治县
59%
中国首座核武器研制基地位于这个县 海晏县
36%
1976年修建的这个水利工程是当时亚洲的第一大坝 {龙羊峡}水电站
32%
这位中央政治局常委出生于青海西宁 赵乐际
23%
No matching quizzes found
Score Distribution
Percent of People with Each Score
Percentile by Number Answered
Your Score History
You have not taken this quiz